LEGO Ninjago: Masters of Spinjitzu: Minifigures by Picture - Statistics

General Stats
  • This quiz has been taken 108 times
    10 since last reset
  • The average score is 99 of 189
Answer Stats
Picture Answer % Correct
Ash
100%
Chen
100%
Acronix
88%
Arin
88%
Bolobo
88%
Chamille
88%
Cole
88%
Dareth
88%
Jay
88%
Kai
88%
Karlof
88%
Lloyd
88%
Lord Garmadon
88%
Misako
88%
Morro
88%
Nadakhan
88%
Nya
88%
OverLord
88%
Pythor
88%
Skylor
88%
Wu
88%
Zane
88%
Akita
75%
Aspheera
75%
Beatrix
75%
Cinder
75%
Cyrus Borg
75%
Griffin
75%
Krux
75%
Mr. Pale
75%
Neuro
75%
Postman
75%
Ray
75%
Sora
75%
Wyldfyre
75%
Acidicus
63%
Bansha
63%
Bleckt
63%
Clouse
63%
Clutch Powers
63%
Cragger
63%
Cryptor
63%
Echo Zane
63%
Ed
63%
Edna
63%
Ghoultar
63%
Harumi
63%
Killow
63%
Kodokuna Yang
63%
Kozu
63%
Laval
63%
Maya
63%
Mechanic
63%
Min-Droid
63%
Mr. E
63%
Mr. F
63%
P.I.X.A.L.
63%
Ras
63%
SamuKai
63%
Shade
63%
Skales
63%
The Omega
63%
Benthomaar
50%
Benton
50%
Blunck
50%
Bone King
50%
Bytar
50%
Char
50%
Clancee
50%
Cyren
50%
Dorama
50%
Drix
50%
Euphrasia
50%
Eyezor
50%
Flintlocke
50%
Frak
50%
Giant Stone Warrior
50%
Gravis
50%
Hausner
50%
Hazza D'ur
50%
Heavy Metal
50%
Hibernus
50%
HoundDog McBrag
50%
Hutchins
50%
Iron Baron
50%
Jacob
50%
Jordana
50%
Kalmaar
50%
Kur
50%
Libber
50%
Lil' Nelson
50%
Lizaru
50%
Nokt
50%
Okino
50%
Rapton
50%
Richie
50%
Roby
50%
Rox
50%
Slithraa
50%
Spirit of the Temple of the Dragon Cores
50%
The First Spinjitzu Master
50%
Tox
50%
Ultra Violet
50%
Unagami
50%
Vania
50%
Zarkt
50%
Arkade
38%
Bonezai
38%
Bucko
38%
Buffer
38%
Chew Toy
38%
Chokun
38%
Chope
38%
Chopov
38%
Chopper Maroon
38%
Daddy No Legs
38%
Dogshank
38%
Doubloon
38%
Dr. LaRow
38%
Dusk
38%
Fangdam
38%
Fang-Suei
38%
Fangtom
38%
Frakjaw
38%
Fred Finley
38%
Gayle Gossip
38%
Ginkle
38%
Gleck
38%
Glutinous
38%
Jet Jack
38%
Kapau
38%
Krait
38%
Krazi
38%
Kruncha
38%
Lasha
38%
Luke Cunningham
38%
Machia
38%
Mammatus
38%
Mezmo
38%
Miss Demeanor
38%
Moe
38%
Mohawk
38%
Monkey Wretch
38%
Murt
38%
Muzzle
38%
Mystake
38%
Nails
38%
Nitro
38%
Nuckal
38%
PoulErik
38%
Racer Seven
38%
Raggmunk
38%
Rattla
38%
Rivett
38%
Riyu
38%
Rufus McCallister
38%
Sawyer
38%
Scar the Skullbreaker
38%
Scooter
38%
Scott
38%
Skalidor
38%
Skip Vicious
38%
Skull Sorcerer
38%
Slackjaw
38%
Sleven
38%
Snappa
38%
Snike
38%
Soul Archer
38%
Spitta
38%
Sqiffy
38%
Sushimi
38%
Tai-D
38%
Talon
38%
Tannin
38%
Twitchy Tim
38%
Tyr
38%
Vermin
38%
Vex the Formless
38%
Vinny Folson
38%
Wail
38%
Wooo
38%
Wrayth
38%
Wyplash
38%
Zoltar
38%
Zugu
38%
Grimfax
25%
Howla
25%
Pitch
25%
Sentry General
25%
No matching quizzes found
Score Distribution
Percent of People with Each Score
Percentile by Number Answered
Your Score History
You have not taken this quiz since the last reset